Hans Zimmer ou John Williams - Click Quiz - Statistiques

Statistiques générales
  • Ce quiz a été pris 69 fois
  • Le résultat moyen est 21 sur 30
Statistiques - réponses
Hint Réponse % Correct
Interstellar Hans Zimmer
86%
Inception Hans Zimmer
84%
Les Dents de la mer John Williams
84%
Harry Potter à l'école des sorciers John Williams
84%
Dune Hans Zimmer
82%
Gladiator Hans Zimmer
81%
The Dark Knight Rises Hans Zimmer
81%
Le Roi lion Hans Zimmer
81%
Star Wars John Williams
81%
Indiana Jones John Williams
79%
Maman, j'ai raté l'avion ! John Williams
77%
Dunkerque Hans Zimmer
75%
E.T., l'extra-terrestre John Williams
75%
Jurassic Park John Williams
74%
Munich John Williams
74%
Kung Fu Panda Hans Zimmer
72%
Pirates des Caraïbes Hans Zimmer
70%
Tom Sawyer John Williams
70%
Il faut sauver le soldat Ryan John Williams
67%
Hook ou la Revanche du capitaine Crochet John Williams
67%
A.I. Intelligence artificielle John Williams
65%
Le Terminal John Williams
63%
Le Prince d'Égypte Hans Zimmer
60%
Blade Runner 2049 Hans Zimmer
58%
La Liste de Schindler
John Williams
56%
Madagascar Hans Zimmer
54%
Le Roi Arthur (2004) Hans Zimmer
54%
Iron Man Hans Zimmer
51%
Le Cercle Hans Zimmer
49%
Superman John Williams
44%
Aucun quiz correspondant
Distribution des résultats
% des personnes avec chaque résultat
Percentile par nombre de réponses
Votre historique - résultats
Vous n’avez pas pris ce quiz